书目信息 |
| 题名: |
关于氧化物阴极的研究
|
|
| 作者: | 布利斯库诺夫 著 ;清华大学无线电系电真空器件教研组 译 | |
| 分册: | ||
| 出版信息: | 北京 高等教育出版社 1957 |
|
| 页数: | 146页 | |
| 开本: | 20cm | |
| 丛书名: | ||
| 单 册: | ||
| 中图分类: | O462.1 | |
| 科图分类: | ||
| 主题词: | 真空电子学 , 电子物理学 | |
| 电子资源: | ||
| ISBN: | ||
| 000 | 00896nam0 2200241 450 | |
| 001 | 0656964062 | |
| 005 | 20060424155324.81 | |
| 010 | @dCNY0.70 | |
| 091 | @a15010.488 | |
| 100 | @a20060424d1957 km y0chiy0120 ea | |
| 101 | 0 | @achi@crus |
| 102 | @aCN@b110000 | |
| 102 | @aCN@b110000 | |
| 200 | 1 | @a关于氧化物阴极的研究@Aguan yu yang hua wu yin ji de yan jiu@f(苏)H·A·布利斯库诺夫著@F(su)H·A·bu li si ku nuo fu zhu@g清华大学无线电系电真空器件教研组译@Gqing hua da xue wu xian dian xi dian zhen kong qi jian jiao yan zu yi |
| 210 | @a北京@c高等教育出版社@d1957 | |
| 215 | @a146页@d20cm | |
| 606 | 0 | @a真空电子学 |
| 606 | 0 | @a电子物理学 |
| 690 | @aO462.1@v3 | |
| 701 | 0 | @a布利斯库诺夫@Abu li si ku nuo fu@4著 |
| 712 | 0 | @a清华大学无线电系电真空器件教研组@Aqing hua da xue wu xian dian xi dian zhen kong qi jian jiao yan zu@4译 |
| 801 | 0 | @aCN@bPFT@c20060424 |
| 905 | @a10447@dO462.1@e7 | |
| 关于氧化物阴极的研究/(苏)H·A·布利斯库诺夫著/清华大学无线电系电真空器件教研组译.-北京:高等教育出版社,1957 |
| 146页;20cm |
| ISBN :CNY0.70 |
| ● |
| 相关链接 |
|
|
|
|
正题名:关于氧化物阴极的研究
索取号:O462.1/7
 
预约/预借
| 序号 | 登录号 | 条形码 | 馆藏地/架位号 | 状态 | 备注 |
| 1 | 0016813 | 202285703 | 密集书库/ [索取号:O462.1/7] | 在馆 |